000 01084nam a22002657a 4500
005 20180210113419.0
008 131126b xxu||||| |||| 00| 0 eng d
010 _aPUN-7721 B-577583-586 B-669933
020 _c595.00
035 _aPN-6839 B-577583
035 _aB-669933
037 _bDBAD / PUB
037 _bArsee Publishers
040 _adpl
_bpn
082 _a
100 _aਸਹਿਰਾਈ,ਹਰਨਾਮ ਦਾਸ
245 _aਦੇਗ ਤੇਗ਼ ਫ਼ਤਹਿ /
_cਹਰਨਾਮ ਦਾਸ ਸਹਿਰਾਈ
246 _aDeg teg Fateh
_bby Harnam Dass Seharai
260 _aDelhi
_bArsee Publishers
_c2013
270 _bDelhi
_aChandni Chowk
_k011-65966481
300 4 _a236p.
_c22ਸੇਂਮੀ (ਸਜਿਲੱਦ)
942 _2ddc
_cPN
_h
_mਸਹਿਰਾ
999 _c80868
_d80868